00915nam a22002537a 450000500170000001000130001702000220003003500130005203700160006504000120008108200170009310000210011024500920013126000490022327000470027230000200031950000510033965000280039065000520041870000220047094200260049299900190051895201240053720170124110203.0 aA-805972 c00.00a8185972958 aA-805972 bCen Lib/Ret aDPLbEN a027.009bALL aAllauddin936709 aLibraries and librarinship during muslim rule in india /cby Allauddin [and] R.K. Rout  aNew Delhi bReliance Publishing House c1996 bNew Delhi a3026/7H, ranjit nagar e110008 a298p.c19cm(Hb) aIncludes bibliographical references and index  aLibrary science 936710 aHistorical aspects xMuslim rulezIndia 936711 aRout, R.K.936712 2ddccENh027.009mALL c133067d133067 00104070aLbLd2015-07-24eCen Lib/Retg0.00l0o027.009 ALLpA-805972r2015-07-24 00:00:00t1v0.00w2015-07-24yEN